000 00486nam a2200157Ia 4500
008 210716s2011 xx 000 0 und d
020 _a9788122420432
041 _aeng
082 _a004.0285 RAMB
100 _aRam, B.
245 _aComputer fundamentals: architecture and organization.
_bArchitecture and organization.
250 _a4
260 _aNew Delhi
_bNew Age International Pvt Ltd
_c2011
300 _axv,11.12,B-3,I-13
650 _aData processing, Computer science(004)
999 _c192832
_d192832